000
00209 a2200097 4500
001
30119
100
_a
Deem
245
_a
Digital Computer Circuits and Compts
260
_a
_b
Reston
_c
090
_c
20070
_d
20070
942
_a
NUST-CAE
_c
M
_c
11193
999
_c
265192
_d
265192